00290nam a2200097Ia 4500001000800000005001700008008004100025020001800066245008600084260002200170127043420260417151349.0260417s9999 xx 000 0 und d a9786258317671 0aHz. Peygamber ve Yaşlılar - Tüm İnsanların Peygamberi 8cSaffet Sancaklı bBeyan Yayınları